[Event "Tch (Men) 2005/2006 UKR"]
[Site "?"]
[Date "2006.04.22"]
[Round "8"]
[White "Hrabinska Myroslava"]
[Black "Koziak Vitali"]
[Result "0-1"]
[WhiteElo "2250"]
[BlackElo "2462"]
[PlyCount "80"]
[EventDate "2006.??.??"]
[Source "www.chesslib.no"]
[SourceDate "2004.05.04"]

1. e4 c5 2. b4 cxb4 3. a3 d5 4. exd5 Qxd5 5. Nf3 e5 6. Bb2 Nc6 7. c4 bxc3 8. Nxc3 Qd8 9. Bb5 Bd6 10. Ne4 Nge7 11. Nxd6+ Qxd6 12. Bxe5 Qg6 13. O-O O-O 14. Bg3 Be6 15. Rc1 Rfd8 16. Re1 Bd5 17. Bc4 Rd7 18. Bxd5 Nxd5 19. Qb3 Rad8 20. h3 f6 21. Re6 Qf7 22. Rce1 g6 23. Kf1 Kg7 24. Qb2 h6 25. h4 Nc7 26. Bxc7 Rxc7 27. h5 g5 28. R1e4 Rd5 29. g4 Rcd7 30. Kg2 Ne5 31. R4xe5 Rxe5 32. Rxe5 fxe5 33. Qxe5+ Qf6 34. Qe4 Re7 35. Qd3 Rf7 36. Qe4 b5 37. d4 a5 38. d5 b4 39. axb4 axb4 40. Qd3 Qxf3+ 0-1

[Event "ROM-chT"]
[Site "Herculane"]
[Date "1996.??.??"]
[Round "?"]
[White "Nanu, Ciprian"]
[Black "Vasiesiu, Dan"]
[Result "1/2-1/2"]
[WhiteElo "2285"]
[BlackElo "2425"]
[PlyCount "126"]
[EventDate "1996.??.??"]
[Source "ChessBase"]

1. e4 c5 2. b4 b6 3. bxc5 bxc5 4. Nc3 Nc6 5. Rb1 g6 6. g3 Bg7 7. Bg2 Ba6 8. Nge2 e6 9. Nb5 Rb8 10. a4 Bxb5 11. axb5 Nge7 12. Ba3 Nb4 13. Bxb4 cxb4 14. Rxb4 Qa5 15. Qb1 O-O 16. c3 a6 17. bxa6 Nc6 18. Rxb8 Rxb8 19. Qd1 Qxa6 20. O-O Rb2 21. Nf4 Bh6 22. d4 Qc4 23. d5 Ne5 24. Qd4 Bxf4 25. gxf4 Qxd4 26. cxd4 Nd3 27. dxe6 fxe6 28. f5 gxf5 29. exf5 exf5 30. Bh3 Rb5 31. Ra1 Nf4 32. Bf1 Rb4 33. Rd1 d5 34. h4 Kf7 35. Kh2 Kf6 36. Kg3 Ne6 37. Bg2 Rb3+ 38. Bf3 Rc3 39. Rd2 Ra3 40. Rd1 Rb3 41. Rd2 Nf8 42. Ra2 Rd3 43. Ra6+ Ne6 44. Rd6 h5 45. Rxd5 Nxd4 46. Rd6+ Ke5 47. Rd5+ Ke6 48. Rxd4 Rxd4 49. Bxh5 Ke5 50. Be2 Rd7 51. Kg2 Kf4 52. h5 Re7 53. Kf1 Rh7 54. Kg2 Rg7+ 55. Kf1 Rg5 56. Bd1 Rg7 57. Be2 Re7 58. Bd1 Rb7 59. Kg2 Rb6 60. Be2 Rb1 61. Bf3 Re1 62. Bd5 Kg5 63. Bf3 Kf4 1/2-1/2

[Event "Stockerau"]
[Site "Stockerau"]
[Date "1993.??.??"]
[Round "7"]
[White "Neubauer, Martin"]
[Black "Rasik, Vitezslav"]
[Result "1-0"]
[WhiteElo "2295"]
[BlackElo "2405"]
[PlyCount "79"]
[EventDate "1993.??.??"]
[Source "www.chesslib.no"]
[SourceDate "2004.05.04"]

1. e4 c5 2. b4 cxb4 3. a3 d5 4. e5 Nc6 5. d4 Qb6 6. Ne2 Bg4 7. axb4 Bxe2 8. Bxe2 Qxd4 9. Qxd4 Nxd4 10. Bd3 e6 11. Be3 Nc6 12. Bb5 Nge7 13. c3 O-O-O 14. O-O a6 15. Bxc6 Nxc6 16. Bb6 Rd7 17. f4 Be7 18. b5 Nb8 19. Na3 Bd8 20. Bf2 Rc7 21. c4 Be7 22. cxd5 exd5 23. Bb6 Bc5+ 24. Bxc5 Rxc5 25. Rfc1 Rxc1+ 26. Rxc1+ Kd7 27. Rc5 Ke6 28. Rc7 f6 29. Rxb7 axb5 30. exf6 gxf6 31. Nxb5 Nc6 32. Rc7 Ne7 33. Kf2 h5 34. Ra7 Nf5 35. Ra5 Ne7 36. Kf3 Rb8 37. Ra6+ Kf5 38. Nd4+ Kg6 39. Re6 Kf7 40. Rxe7+ 1-0

[Event "BCF Ch"]
[Site "Portsmouth"]
[Date "1976.08.13"]
[Round "5"]
[White "Littlewood, Paul E"]
[Black "Bennett, George H"]
[Result "0-1"]
[WhiteElo "2345"]
[BlackElo "2350"]
[PlyCount "98"]
[EventDate "1976.08.09"]
[Source "www.chesslib.no"]
[SourceDate "2004.05.04"]

1. e4 c5 2. b4 cxb4 3. Nf3 Nc6 4. d4 d5 5. exd5 Qxd5 6. c4 bxc3 7. Nxc3 Qa5 8. Bd2 e6 9. Bc4 Bb4 10. Qb3 Nf6 11. O-O O-O 12. a3 Bxc3 13. Bxc3 Qh5 14. Rae1 Na5 15. Bxa5 Qxa5 16. Re5 Qc7 17. Rc1 Bd7 18. Rc5 Qf4 19. Qe3 Qxe3 20. fxe3 Rfc8 21. Bd3 b6 22. Rxc8+ Rxc8 23. Rxc8+ Bxc8 24. Ne5 Bb7 25. Kf2 Kf8 26. g4 g5 27. Kg3 Ne4+ 28. Bxe4 Bxe4 29. h4 h6 30. hxg5 hxg5 31. Nc4 Ke7 32. Nd2 Bc2 33. e4 b5 34. e5 a5 35. Kf2 a4 36. Nf1 b4 37. Ne3 b3 38. Nc4 Bd3 39. Nb2 Bb5 40. Ke3 Kd7 41. Kf2 Kc6 42. Kf3 Kd5 43. Ke3 Bd7 44. Kd3 Bc6 45. Kc3 Ke4 46. Nc4 Kf4 47. Nd6 Kxg4 48. Nxf7 Kf4 49. Nd8 Bd5 0-1

[Event "Giessen Feb-IM"]
[Site "Giessen"]
[Date "1994.??.??"]
[Round "3"]
[White "Haub, Thorsten-Michael"]
[Black "Lukov, Valentin"]
[Result "1/2-1/2"]
[WhiteElo "2315"]
[BlackElo "2380"]
[PlyCount "95"]
[EventDate "1994.??.??"]
[Source "www.chesslib.no"]
[SourceDate "2004.05.04"]

1. e4 c5 2. b4 cxb4 3. a3 d5 4. exd5 Qxd5 5. Nf3 e5 6. axb4 Bxb4 7. c3 Bd6 8. Na3 Nc6 9. Bc4 Qe4+ 10. Be2 Nge7 11. Nc4 Bc7 12. Ba3 O-O 13. O-O Be6 14. Ng5 Qg6 15. Nxe6 Qxe6 16. Qb3 Rab8 17. Rfb1 Rfd8 18. Bc5 b6 19. Bxe7 Qxe7 20. Ra6 e4 21. g3 g6 22. Qa2 Qe6 23. Rb5 Rd7 24. Qb1 Rbd8 25. Ra4 Re7 26. Rb2 Bd6 27. Nxd6 Rxd6 28. Qa2 Qxa2 29. Raxa2 f5 30. h4 Kg7 31. Kg2 Kf6 32. f4 exf3+ 33. Bxf3 Ne5 34. d4 Nxf3 35. Kxf3 Rde6 36. c4 Re3+ 37. Kf2 R3e4 38. c5 bxc5 39. dxc5 Rc7 40. Rb5 f4 41. Kf3 Rc4 42. gxf4 Kf5 43. c6+ Kf6 44. Rb7 Rc3+ 45. Ke4 R7xc6 46. Raxa7 R6c4+ 47. Kd5 Rc5+ 48. Ke4 1/2-1/2

[Event "Techirghiol"]
[Site "?"]
[Date "1999.??.??"]
[Round "9"]
[White "Zajarnyi Anatolyi"]
[Black "Diulger Alexey"]
[Result "1/2-1/2"]
[WhiteElo "2395"]
[BlackElo "2300"]
[PlyCount "20"]
[EventDate "1999.??.??"]
[Source "www.chesslib.no"]
[SourceDate "2004.05.04"]

1. e4 c5 2. b4 cxb4 3. a3 e5 4. Nf3 Nc6 5. Bc4 Qc7 6. axb4 Bxb4 7. c3 Be7 8. Qb3 Nd8 9. O-O Nf6 10. d4 d6 1/2-1/2

[Event "Munich Open"]
[Site "Munich GER"]
[Date "1985.??.??"]
[Round "?"]
[White "Herrnkind, Martin"]
[Black "Kindermann, Stefan E S"]
[Result "0-1"]
[WhiteElo "2200"]
[BlackElo "2490"]
[PlyCount "58"]
[EventDate "1985.??.??"]
[Source "www.chesslib.no"]
[SourceDate "2004.05.04"]

1. e4 c5 2. b4 cxb4 3. a3 d5 4. exd5 Qxd5 5. Nf3 e5 6. axb4 Bxb4 7. c3 Be7 8. Na3 Bxa3 9. Bxa3 Nc6 10. Be2 Nge7 11. O-O O-O 12. d4 exd4 13. Nxd4 Rd8 14. Bf3 Qg5 15. Re1 Nf5 16. Qe2 Bd7 17. Nxf5 Qxf5 18. Be4 Qf6 19. Qc2 h6 20. Rab1 b6 21. Rbd1 Be8 22. Qa2 Rac8 23. h3 Rxd1 24. Rxd1 Na5 25. Bd5 Bc6 26. Bxc6 Qxc6 27. Bb4 Qc4 28. Qa3 Nc6 29. Rd7 a5 0-1

[Event "Memorial D.Efremenkov"]
[Site "?"]
[Date "2000.??.??"]
[Round "10"]
[White "Afromeev Vladimir"]
[Black "Mitrofanov Alexander"]
[Result "1-0"]
[WhiteElo "2405"]
[BlackElo "2278"]
[PlyCount "67"]
[EventDate "2000.??.??"]
[Source "www.chesslib.no"]
[SourceDate "2004.05.04"]

1. e4 c5 2. b4 cxb4 3. a3 Nc6 4. axb4 Nxb4 5. Nf3 e6 6. Bb5 Nc6 7. O-O Nf6 8. d3 d5 9. exd5 Nxd5 10. c4 Nc7 11. Bxc6+ bxc6 12. Qa4 Bd7 13. Nc3 Be7 14. Qa5 O-O 15. Ba3 Bxa3 16. Rxa3 f6 17. d4 Re8 18. Ne4 Bc8 19. Rfa1 a6 20. Qc5 Bd7 21. Rb3 Rb8 22. Qa3 Rxb3 23. Qxb3 Qb8 24. Qc2 e5 25. dxe5 fxe5 26. Neg5 g6 27. Qc3 Ne6 28. Ne4 Nf4 29. Qd2 Bf5 30. Nf6+ Kg7 31. Nxe8+ Qxe8 32. Rxa6 Qe6 33. Ra7+ Kh6 34. Qd8 1-0

[Event "Oberliga Bayern 9596"]
[Site "Bayern"]
[Date "1995.??.??"]
[Round "?"]
[White "Joerg, Harald"]
[Black "Schlosser, Hans"]
[Result "0-1"]
[WhiteElo "2345"]
[BlackElo "2335"]
[PlyCount "98"]
[EventDate "1995.10.??"]
[Source "www.chesslib.no"]
[SourceDate "2004.05.04"]

1. e4 c5 2. b4 cxb4 3. a3 d5 4. exd5 Qxd5 5. Bb2 Nc6 6. axb4 Nxb4 7. Nc3 Qf5 8. Bb5+ Bd7 9. Bxd7+ Qxd7 10. Nf3 Nf6 11. O-O e6 12. Ne5 Qc8 13. Qe2 Be7 14. Qb5+ Nc6 15. Ra4 a6 16. Qe2 Nxe5 17. Qxe5 Qc5 18. Qg3 Qc6 19. d3 b5 20. Rh4 Bd6 21. Qe3 Be7 22. Ne4 Nd5 23. Qg3 Bxh4 24. Qxh4 f6 25. c4 Ne7 26. cxb5 axb5 27. Rc1 Qb6 28. Qg3 Nf5 29. Qg4 O-O 30. Nxf6+ Kh8 31. Nd7 Qd6 32. Nxf8 Rxf8 33. Qe4 Rd8 34. h3 Kg8 35. Rc6 Qxd3 36. Qxe6+ Kh8 37. Rc7 Qb1+ 38. Kh2 Qxb2 39. Qxf5 h6 40. Qf7 b4 41. Qe7 Rb8 42. Rb7 Rxb7 43. Qxb7 Qd4 44. Kg1 Qc4 45. Qb8+ Kh7 46. f4 b3 47. f5 Qd4+ 48. Kh2 b2 49. Qg3 Qb6 0-1

[Event "Zalakaros op"]
[Site "?"]
[Date "2003.05.17"]
[Round "2"]
[White "Frink Ferenc"]
[Black "Kraai Jesse"]
[Result "0-1"]
[WhiteElo "2227"]
[BlackElo "2453"]
[PlyCount "56"]
[EventDate "2003.??.??"]
[Source "www.chesslib.no"]
[SourceDate "2004.05.04"]

1. e4 c5 2. b4 cxb4 3. a3 e6 4. axb4 Bxb4 5. c3 Be7 6. d4 Nf6 7. Bd3 O-O 8. Ne2 Nc6 9. O-O e5 10. f4 d6 11. h3 exd4 12. cxd4 Nb4 13. Nbc3 Nxd3 14. Qxd3 Ne8 15. f5 b6 16. Qg3 Bb7 17. e5 Kh8 18. Nf4 Nc7 19. Nh5 Rg8 20. Bf4 g6 21. exd6 gxh5 22. dxe7 Qxd4+ 23. Kh2 Rxg3 24. Bxg3 Qxc3 25. Rae1 f6 26. Rg1 Rg8 27. Bh4 Ne8 28. Re2 Qc4 0-1

[Event "Zalakaros Cup"]
[Site "?"]
[Date "2002.05.26"]
[Round "4"]
[White "Frink Ferenc"]
[Black "Horvath Gyula"]
[Result "1/2-1/2"]
[WhiteElo "2234"]
[BlackElo "2444"]
[PlyCount "87"]
[EventDate "2002.??.??"]
[Source "www.chesslib.no"]
[SourceDate "2004.05.04"]

1. e4 c5 2. b4 cxb4 3. a3 e5 4. axb4 Nf6 5. Qf3 Bxb4 6. Bc4 O-O 7. c3 Be7 8. Ne2 Qc7 9. d3 d6 10. Na3 Nc6 11. Qg3 Kh8 12. O-O a6 13. f4 Bg4 14. fxe5 Nxe5 15. Nf4 Nh5 16. Nxh5 Bxh5 17. Ra2 Nxc4 18. Nxc4 Rae8 19. Bf4 Rd8 20. Be3 Qd7 21. Bb6 Rc8 22. Ne3 f6 23. Nf5 Bg6 24. Bd4 Rc6 25. c4 Rfc8 26. h4 Bxf5 27. Rxf5 b5 28. cxb5 axb5 29. h5 h6 30. Raf2 Bd8 31. Rxf6 Bxf6 32. Rxf6 d5 33. Rxc6 Rxc6 34. exd5 Rc1+ 35. Kh2 Qf7 36. Qe5 Rf1 37. g4 Rd1 38. Qe4 Rd2+ 39. Kg3 Qc7+ 40. Be5 Qc2 41. Bxg7+ Kxg7 42. Qe7+ Kg8 43. Qe8+ Kg7 44. Qe7+ 1/2-1/2

[Event "Munich Open 9192"]
[Site "Munich GER"]
[Date "1992.??.??"]
[Round "8"]
[White "Haub, Thorsten-Michael"]
[Black "Kunze, Markus"]
[Result "1/2-1/2"]
[WhiteElo "2310"]
[BlackElo "2360"]
[PlyCount "84"]
[EventDate "1992.01.??"]
[Source "www.chesslib.no"]
[SourceDate "2004.05.04"]

1. e4 c5 2. b4 cxb4 3. a3 d5 4. exd5 Nf6 5. Bb5+ Bd7 6. Bc4 g6 7. Ne2 Bg7 8. Bb2 O-O 9. Bxf6 Bxf6 10. d4 b5 11. Bb3 bxa3 12. Rxa3 a5 13. O-O b4 14. Ra2 a4 15. c4 a3 16. Ng3 Bc8 17. Qd2 Na6 18. Qe3 e6 19. d6 Bb7 20. c5 Bd5 21. Nd2 Bxb3 22. Nxb3 Bg7 23. Ne4 Nb8 24. Ned2 Nc6 25. Qe4 Na7 26. d5 exd5 27. Qxb4 Nc6 28. Qf4 Qf6 29. Qg4 Qf5 30. Qe2 Nb4 31. Nf3 Nxa2 32. Qxa2 d4 33. Rd1 Qd5 34. Nfxd4 Bxd4 35. Rxd4 Qxb3 36. Qxb3 a2 37. g3 a1=Q+ 38. Rd1 Qa6 39. Qd5 Rfd8 40. d7 Ra7 41. c6 Rc7 42. Re1 Qxc6 1/2-1/2

[Event "Neuchatel op"]
[Site "?"]
[Date "1996.??.??"]
[Round "2"]
[White "Laub Patrick"]
[Black "Rausis Igors"]
[Result "0-1"]
[WhiteElo "2180"]
[BlackElo "2490"]
[PlyCount "80"]
[EventDate "1996.??.??"]
[Source "www.chesslib.no"]
[SourceDate "2004.05.04"]

1. e4 c5 2. b4 cxb4 3. d4 d5 4. e5 Nc6 5. a3 Qb6 6. Ne2 Bg4 7. f3 Bf5 8. g4 Bg6 9. axb4 Nxb4 10. Na3 Rc8 11. c3 Nd3+ 12. Kd2 Nb2 13. Bxb2 Qxb2+ 14. Ke3 Rc6 15. Qc1 Qxc1+ 16. Nxc1 a6 17. c4 e6 18. c5 f6 19. exf6 gxf6 20. h4 e5 21. Nb3 h5 22. Bd3 Bxd3 23. Kxd3 hxg4 24. fxg4 e4+ 25. Ke2 f5 26. Nc2 Rch6 27. gxf5 Ne7 28. Ne3 Rxh4 29. Rxh4 Rxh4 30. Rf1 Rh2+ 31. Rf2 Rxf2+ 32. Kxf2 Bg7 33. Ke2 Kd7 34. Kd2 Bh6 35. Ke2 Bxe3 36. Kxe3 Nxf5+ 37. Kf4 Ke6 38. Na5 Nxd4 39. Nxb7 Nc6 40. Nd6 a5 0-1

[Event "FINEC WGM"]
[Site "St Petersburg RUS"]
[Date "2008.01.31"]
[Round "8"]
[White "Matseyko, K."]
[Black "Molchanova, T."]
[Result "0-1"]
[WhiteElo "2301"]
[BlackElo "2365"]
[PlyCount "74"]
[EventDate "2008.01.24"]
[Source "www.chesslib.no"]
[SourceDate "2004.05.04"]

1. e4 c5 2. b4 b6 3. bxc5 bxc5 4. Nc3 Nc6 5. Nf3 g6 6. Rb1 Bg7 7. Bc4 e6 8. Nb5 d6 9. Bb2 e5 10. O-O a6 11. Nc3 Nh6 12. Bc1 O-O 13. d3 Kh8 14. Nd5 Bg4 15. h3 Bd7 16. Be3 Ng8 17. c3 Na5 18. Qc2 Bc6 19. Rfd1 h6 20. Qb2 f5 21. exf5 gxf5 22. Qb6 f4 23. Bd2 Nf6 24. Nc7 Bxf3 25. gxf3 Nxc4 26. dxc4 Rb8 27. Qc6 Rc8 28. Rb7 Rf7 29. Ne6 Qg8 30. Qxc8 Qxc8 31. Rxf7 Qxe6 32. Ra7 Qxh3 33. Rb1 Ng4 34. fxg4 f3 35. Rb8+ Kh7 36. Rxg7+ Kxg7 37. Bxh6+ Kh7 0-1

[Event "Oberliga Hessen"]
[Site "Hessen"]
[Date "1991.??.??"]
[Round "?"]
[White "Lutz, Klaus-Juergen"]
[Black "Nehmert, Ulrich"]
[Result "0-1"]
[WhiteElo "2285"]
[BlackElo "2380"]
[PlyCount "70"]
[EventDate "1991.10.??"]
[Source "www.chesslib.no"]
[SourceDate "2004.05.04"]

1. e4 c5 2. b4 cxb4 3. a3 e5 4. axb4 Bxb4 5. c3 Be7 6. Nf3 Nc6 7. d4 d6 8. Na3 Nf6 9. Bd3 O-O 10. h3 d5 11. dxe5 Nxe4 12. O-O f6 13. c4 Nxe5 14. cxd5 Nc3 15. Qb3 Qxd5 16. Qxd5+ Nxd5 17. Nxe5 fxe5 18. Bb2 Nf4 19. Bc4+ Be6 20. Bxe6+ Nxe6 21. Bxe5 Bc5 22. Nc4 b5 23. Nd6 b4 24. Ne4 a5 25. Ra4 Rf5 26. Bg3 Bb6 27. Rb1 Rd8 28. Ra2 Rfd5 29. Kh2 Rd1 30. Rbb2 R8d3 31. Nd2 Bd4 32. Rc2 Nc5 33. Rxa5 R3xd2 34. Raxc5 Bxc5 35. Rxc5 b3 0-1

[Event "Bodensee-Cup 6th"]
[Site "?"]
[Date "2000.??.??"]
[Round "?"]
[White "Gietl Thomas"]
[Black "Pfrommer Christoph"]
[Result "0-1"]
[WhiteElo "2327"]
[BlackElo "2332"]
[PlyCount "66"]
[EventDate "2000.??.??"]
[Source "www.chesslib.no"]
[SourceDate "2004.05.04"]

1. e4 c5 2. b4 cxb4 3. d4 e6 4. a3 d5 5. e5 Bd7 6. axb4 Bxb4+ 7. c3 Be7 8. Qg4 Kf8 9. Bd3 Nc6 10. Ne2 b5 11. h4 b4 12. Rh3 h5 13. Qf3 bxc3 14. Bg6 Qe8 15. Bxh5 Nh6 16. g4 c2 17. Nbc3 Kg8 18. Bxh6 Rxh6 19. g5 Rh8 20. Bg4 a5 21. Rc1 Nb4 22. Nf4 a4 23. g6 a3 24. Nfxd5 Bc6 25. gxf7+ Qxf7 26. Qxf7+ Kxf7 27. Rf3+ Ke8 28. Bxe6 Rxh4 29. Rf7 Nxd5 30. Nxd5 Rh1+ 31. Kd2 Bxd5 32. Rxh1 Bxh1 33. Rxg7 a2 0-1

[Event "Hungary"]
[Site "?"]
[Date "2001.??.??"]
[Round "9"]
[White "Kadas Gabor"]
[Black "Zetocha Claudiu"]
[Result "0-1"]
[WhiteElo "2219"]
[BlackElo "2439"]
[PlyCount "80"]
[EventDate "2001.??.??"]
[Source "www.chesslib.no"]
[SourceDate "2004.05.04"]

1. e4 c5 2. b4 cxb4 3. a3 d5 4. e5 Nc6 5. axb4 Nxe5 6. Nf3 Nd7 7. c4 dxc4 8. Bxc4 e6 9. Bb2 Ngf6 10. Qb3 Be7 11. O-O O-O 12. d3 Nb6 13. Nbd2 Nfd5 14. b5 a5 15. bxa6 bxa6 16. Ne5 Bb7 17. Bd4 Nxc4 18. Qxb7 Nxd2 19. Nc6 Qc8 20. Nxe7+ Nxe7 21. Qxe7 Qd8 22. Bc5 Qxe7 23. Bxe7 Nxf1 24. Bxf8 Nxh2 25. Bc5 Ng4 26. Kf1 Nf6 27. f4 g6 28. Ke2 Nd5 29. g3 a5 30. Kf3 a4 31. Ke4 f6 32. g4 Ra6 33. d4 h5 34. gxh5 gxh5 35. f5 Kf7 36. fxe6+ Kxe6 37. Kd3 Kd7 38. Kc4 Kc6 39. Ra3 Nb6+ 40. Kd3 f5 0-1

[Event "Techirghiol"]
[Site "Techirghiol"]
[Date "2000.07.08"]
[Round "6"]
[White "Zajarnyi, Anatolyi"]
[Black "Raceanu, Valentin"]
[Result "1-0"]
[WhiteElo "2380"]
[BlackElo "2277"]
[PlyCount "75"]
[EventDate "2000.07.02"]
[Source "ChessBase"]
[SourceDate "2000.09.14"]

1. e4 c5 2. b4 cxb4 3. a3 d5 4. exd5 Qxd5 5. Bb2 e5 6. Nf3 Nc6 7. c4 Qe6 8. Bd3 Bd6 9. O-O Nge7 10. Re1 f6 11. axb4 Nxb4 12. Be4 O-O 13. d4 f5 14. Bd5 Nexd5 15. cxd5 Qxd5 16. Nc3 Qc4 17. dxe5 Be7 18. Re2 Be6 19. Rd2 Rfd8 20. Rxa7 Rxa7 21. Rxd8+ Bxd8 22. Qxd8+ Kf7 23. Ng5+ Kg6 24. h4 Qc8 25. Nxe6 Qxe6 26. Nb5 Nc6 27. Qg5+ Kf7 28. Nc7 Qg6 29. e6+ Kg8 30. Qe3 Qg4 31. g3 Qb4 32. Bxg7 Kxg7 33. Qg5+ Kh8 34. Qf6+ Kg8 35. Qf7+ Kh8 36. Nd5 Qc5 37. Nf6 Ra1+ 38. Kg2 1-0

[Event "Metz op 14th"]
[Site "?"]
[Date "1996.??.??"]
[Round "?"]
[White "Philippe Christophe"]
[Black "Lerner Konstantin Z"]
[Result "0-1"]
[WhiteElo "2060"]
[BlackElo "2595"]
[PlyCount "40"]
[EventDate "1996.??.??"]
[Source "www.chesslib.no"]
[SourceDate "2004.05.04"]

1. e4 c5 2. b4 cxb4 3. d4 Nf6 4. Bd3 Nc6 5. Nf3 d5 6. e5 Ne4 7. O-O Bg4 8. Bb2 e6 9. Qe2 Ng5 10. Nbd2 Be7 11. h3 Bh5 12. Kh2 f5 13. exf6 Bd6+ 14. Kh1 Qxf6 15. g4 Bxg4 16. hxg4 Qh6+ 17. Kg2 Qh3+ 18. Kg1 Qxg4+ 19. Kh1 Qh3+ 20. Kg1 O-O 0-1

[Event "Hambourg IHEM"]
[Site "?"]
[Date "2004.05.30"]
[Round "3.3"]
[White "Schulz Hans Juergen"]
[Black "Ftacnik Lubomir"]
[Result "0-1"]
[WhiteElo "2074"]
[BlackElo "2579"]
[PlyCount "46"]
[EventDate "2004.??.??"]
[Source "www.chesslib.no"]
[SourceDate "2004.05.04"]

1. e4 c5 2. b4 cxb4 3. Bb2 Nf6 4. e5 Nd5 5. c4 bxc3 6. Nxc3 Nxc3 7. Bxc3 d5 8. exd6 Qxd6 9. Nf3 Nc6 10. Bc4 Be6 11. Be2 Bd5 12. O-O f6 13. Qa4 e5 14. Rab1 Rb8 15. Rfe1 Be7 16. Rb5 a6 17. Rb6 Qc7 18. Ba5 Qd7 19. Bc3 Bc5 20. Rb2 O-O 21. Bc4 b5 22. Bxd5+ Qxd5 23. Qxa6 Rb6 0-1

[Event "Oberliga Ost-B 9899"]
[Site "?"]
[Date "1999.??.??"]
[Round "?"]
[White "Euler Gerd"]
[Black "Duncker Joachim"]
[Result "1-0"]
[WhiteElo "2385"]
[BlackElo "2265"]
[PlyCount "67"]
[EventDate "1999.??.??"]
[Source "www.chesslib.no"]
[SourceDate "2004.05.04"]

1. e4 c5 2. b4 cxb4 3. Bb2 Nf6 4. e5 Nd5 5. a3 Qb6 6. axb4 Qxb4 7. Qc1 Qe4+ 8. Ne2 Nc6 9. f3 Qf5 10. Ng3 Qf4 11. Ne2 Qf5 12. d4 d6 13. Nbc3 Nxc3 14. Bxc3 dxe5 15. dxe5 g6 16. Ra4 Bg7 17. Rf4 Bh6 18. g4 Qe6 19. Qb2 Qd5 20. Re4 Be6 21. h4 O-O-O 22. g5 Bg7 23. Nf4 Qd1+ 24. Kf2 Rd2+ 25. Bxd2 Qxd2+ 26. Be2 Bf5 27. Rb1 b6 28. Rc4 Kb7 29. Rd1 Qa5 30. Rd5 Bxe5 31. c3 Qxd5 32. Nxd5 Be6 33. Rxc6 Bxd5 34. Rc5 1-0

[Event "Szeged TT03 IM"]
[Site "Szeged"]
[Date "1998.03.25"]
[Round "7"]
[White "Nanu, Ciprian"]
[Black "Gal, Jozsef"]
[Result "1/2-1/2"]
[WhiteElo "2325"]
[BlackElo "2325"]
[PlyCount "100"]
[EventDate "1998.03.19"]
[Source "ChessBase"]
[SourceDate "1998.04.29"]

1. e4 c5 2. b4 e5 3. Nf3 Nc6 4. b5 Nd4 5. Bc4 d6 6. c3 Nxf3+ 7. Qxf3 Qf6 8. Qe2 Qg6 9. f3 Be7 10. Na3 Nf6 11. Nc2 O-O 12. Ne3 Nh5 13. g3 Kh8 14. d3 Bg5 15. a4 Bxe3 16. Bxe3 Be6 17. g4 Nf4 18. Bxf4 exf4 19. Qd2 Qf6 20. h4 d5 21. exd5 Qe5+ 22. Kf2 Bxd5 23. Rhe1 Qd6 24. Bxd5 Qxd5 25. d4 cxd4 26. Qxd4 Qb3 27. Qb4 Qc2+ 28. Re2 Qg6 29. Qxf4 Rac8 30. c4 Rc5 31. Rd1 h5 32. Rd5 Rxd5 33. cxd5 hxg4 34. fxg4 Rg8 35. Rd2 Re8 36. d6 Qb1 37. Re2 Rxe2+ 38. Kxe2 Qc2+ 39. Ke1 Qc3+ 40. Qd2 Qg3+ 41. Kd1 Qxg4+ 42. Kc1 Qc4+ 43. Kb2 Qxa4 44. d7 Qxb5+ 45. Kc1 Qf1+ 46. Qd1 Qc4+ 47. Qc2 Qf1+ 48. Qd1 Qc4+ 49. Qc2 Qf1+ 50. Qd1 Qc4+ 1/2-1/2

[Event "Postbauer op U18 3rd"]
[Site "?"]
[Date "1997.??.??"]
[Round "?"]
[White "Gietl Thomas"]
[Black "Prusikhin Mihailo"]
[Result "0-1"]
[WhiteElo "2305"]
[BlackElo "2340"]
[PlyCount "74"]
[EventDate "1997.??.??"]
[Source "www.chesslib.no"]
[SourceDate "2004.05.04"]

1. e4 c5 2. b4 cxb4 3. a3 bxa3 4. Nxa3 e6 5. d4 Nc6 6. c3 Nf6 7. Bd3 Be7 8. Nf3 d6 9. O-O e5 10. h3 O-O 11. Be3 b6 12. d5 Na5 13. Nd2 Nd7 14. Kh2 Bg5 15. Bxg5 Qxg5 16. g3 Nc5 17. Be2 Qh6 18. Rh1 f5 19. exf5 Bxf5 20. Nac4 Nxc4 21. Nxc4 b5 22. Ne3 Bd7 23. Qe1 Ne4 24. Nd1 Rf7 25. Bh5 Qxh5 26. Qxe4 Qxh3+ 27. Kg1 Qf5 28. Qxf5 Bxf5 29. Ne3 Bd3 30. Rh4 a5 31. Rd1 e4 32. f4 Rc8 33. Ra1 a4 34. Ra3 Rfc7 35. Nf5 Rxc3 36. Rxc3 Rxc3 37. Rg4 g6 0-1